| 000 | 00375nam a2200133 a 4500 | ||
|---|---|---|---|
| 005 | 20140414093837.0 | ||
| 008 | 021220s19uu xx 00 eng d | ||
| 050 |
_aVCD 793 _bGra 1999 |
||
| 245 |
_aKaraoke ballroom dance (no.10) _bLe Cafe' del Amour |
||
| 260 |
_aTaiwan _bGrand Eastern Musical Pub. _cc1999 |
||
| 650 | _aBallroom dancing. | ||
| 942 | _cAVM | ||
| 999 |
_c109082 _d109082 |
||